[Event "CFriend SL-2005-0-00033 email"]
[Site "Chessfriend.com"]
[Date "2005.07.19"]
[Round "1"]
[White "Bobone Carvalho, Diogo"]
[Black "Mechlowski, Lennard"]
[Result "0-1"]
[WhiteElo "1384"]
[BlackElo "1624"]
[PlyCount "110"]
[EventDate "2005.??.??"]
[EventType "tourn (corr)"]
[EventRounds "12"]
[SourceTitle "Corr 2008"]
[Source "ChessBase"]
[SourceDate "2008.06.24"]
[SourceVersion "1"]
[SourceVersionDate "2008.06.24"]
[SourceQuality "1"]

1. g3 Nf6 2. Bg2 d5 3. Nf3 c6 4. 0-0 Bg4 5. d3 Nbd7 6. Nbd2 e5 7. e4 dxe4 8. dxe4 Be7 9. b3 Qc7 10. Bb2 0-0 11. c4 Rfd8 12. Qc2 a5 13. Rad1 a4 14. Nb1 axb3 15. axb3 h6 16. Rd2 Bb4 17. Bc3 Bxc3 18. Nxc3 Nc5 19. Rxd8+ Rxd8 20. b4 Ne6 21. c5 Bxf3 22. Bxf3 b6 23. Na4 b5 24. Nb6 Rd4 25. Qb2 Nxe4 26. Ra1 Nd2 27. Ra8+ Kh7 28. Qc2+ e4 29. Bg4 Qe7 30. h4 Qf6 31. Ra3 Nf8 32. Re3 Ng6 33. Nd7 Qd8 34. h5 Ne7 35. Ne5 f5 36. Bh3 Qd5 37. Re2 Qxe5 38. Rxd2 Rxb4 39. Rd7 Nd5 40. Rf7 f4 41. Rf8 Nf6 42. gxf4 Qxh5 43. Rxf6 gxf6 44. Qa2 Kg7 45. Qa7+ Qf7 46. Qxf7+ Kxf7 47. Bd7 Rc4 48. Bxc6 Rxc5 49. Bxe4 b4 50. f5 b3 51. Kg2 b2 52. Kg3 Rc1 53. f3 b1Q 54. Bxb1 Rxb1 55. Kh4 Rg1 0-1

[Event "CFriend SL-2005-0-00033 email"]
[Site "Chessfriend.com"]
[Date "2005.07.19"]
[Round "1"]
[White "Bobone Carvalho, Diogo"]
[Black "Stadler, Pavel"]
[Result "1/2-1/2"]
[WhiteElo "1384"]
[BlackElo "1629"]
[PlyCount "73"]
[EventDate "2005.??.??"]
[EventType "tourn (corr)"]
[EventRounds "12"]
[SourceTitle "Corr 2008"]
[Source "ChessBase"]
[SourceDate "2008.06.24"]
[SourceVersion "1"]
[SourceVersionDate "2008.06.24"]
[SourceQuality "1"]

1. g3 e5 2. Bg2 d5 3. d3 Nf6 4. Nf3 Nc6 5. 0-0 Bd6 6. Nbd2 0-0 7. Re1 Bg4 8. e4 dxe4 9. Nxe4 Nxe4 10. Rxe4 f5 11. Re1 Nd4 12. Be3 Bxf3 13. Bxf3 Nxf3+ 14. Qxf3 c6 15. Bd2 Qc7 16. Rad1 Rae8 17. Bc3 Re6 18. Re2 Rg6 19. Rde1 f4 20. Qe4 fxg3 21. hxg3 Rg5 22. a4 Rf4 23. Qh1 Rxa4 24. Qh3 Rag4 25. Bxe5 Bxe5 26. Rxe5 Rxe5 27. Rxe5 Qxe5 28. Qxg4 Qxb2 29. Qc4+ Kh8 30. Qf4 h6 31. Qb8+ Kh7 32. Qxa7 Qxc2 33. Qxb7 Qc5 34. Qd7 Qd5 35. Qxd5 cxd5 36. Kg2 h5 37. g4 1/2-1/2

[Event "CFriend SL-2005-0-00033 email"]
[Site "Chessfriend.com"]
[Date "2005.07.19"]
[Round "1"]
[White "Degterev, Pavel"]
[Black "Bobone Carvalho, Diogo"]
[Result "1-0"]
[WhiteElo "1686"]
[BlackElo "1384"]
[PlyCount "99"]
[EventDate "2005.??.??"]
[EventType "tourn (corr)"]
[EventRounds "12"]
[SourceTitle "Corr 2008"]
[Source "ChessBase"]
[SourceDate "2008.06.24"]
[SourceVersion "1"]
[SourceVersionDate "2008.06.24"]
[SourceQuality "1"]

1. b4 e6 2. Bb2 d5 3. e3 Nf6 4. a3 c5 5. bxc5 Bxc5 6. Nf3 Nc6 7. d4 Bd6 8. Nbd2 0-0 9. Bd3 b6 10. 0-0 Bb7 11. c4 Rc8 12. Qe2 Re8 13. Ne5 Qc7 14. f4 Na5 15. Rfc1 Nxc4 16. Ndxc4 dxc4 17. Rxc4 Qe7 18. a4 Be4 19. Bxe4 Nxe4 20. Rac1 Rxc4 21. Qxc4 f5 22. Nc6 Qh4 23. Qe2 Ra8 24. Bc3 g5 25. g3 Nxg3 26. hxg3 Qxg3+ 27. Kf1 gxf4 28. Qg2 fxe3 29. Qxg3+ Bxg3 30. Ke2 f4 31. Rh1 Re8 32. Be1 Bxe1 33. Rxe1 Kg7 34. Rg1+ Kh6 35. Ne5 Rc8 36. Kf3 Rf8 37. Nd3 Rf5 38. Ke4 Rg5 39. Rb1 f3 40. Kxf3 Ra5 41. Kxe3 Rxa4 42. Nf4 e5 43. dxe5 Kg5 44. e6 Kf5 45. Kd3 Ra3+ 46. Kd4 Ra4+ 47. Kd5 Kf6 48. Re1 Ke7 49. Ke5 Rxf4 50. Kxf4 1-0

[Event "CFriend SL-2005-0-00033 email"]
[Site "Chessfriend.com"]
[Date "2005.07.19"]
[Round "1"]
[White "Schalkwijk, Peter H"]
[Black "Bobone Carvalho, Diogo"]
[Result "1/2-1/2"]
[WhiteElo "1451"]
[BlackElo "1384"]
[PlyCount "86"]
[EventDate "2005.??.??"]
[EventType "tourn (corr)"]
[EventRounds "12"]
[SourceTitle "Corr 2008"]
[Source "ChessBase"]
[SourceDate "2008.06.24"]
[SourceVersion "1"]
[SourceVersionDate "2008.06.24"]
[SourceQuality "1"]

1. e4 e6 2. e5 d5 3. exd6 Bxd6 4. d4 Nf6 5. Bd3 Nbd7 6. Nf3 0-0 7. Bg5 c5 8. Nbd2 cxd4 9. Nxd4 Nc5 10. Be2 Bxh2 11. Rxh2 Qxd4 12. Nc4 Qxd1+ 13. Rxd1 Nd5 14. Bf3 f6 15. Bxd5 exd5 16. Rxd5 b6 17. Be3 Be6 18. Rd4 Rfd8 19. b3 Rxd4 20. Bxd4 Bxc4 21. Bxc5 Bxb3 22. cxb3 bxc5 23. Rh5 Re8+ 24. Kd2 Re5 25. Rxe5 fxe5 26. Kd3 Kf7 27. Kc4 h5 28. Kxc5 Ke6 29. Kc4 g5 30. Kd3 Kf5 31. Ke3 h4 32. b4 g4 33. f3 Kg5 34. fxg4 Kxg4 35. a4 Kg3 36. b5 Kxg2 37. a5 h3 38. b6 axb6 39. a6 h2 40. a7 Kg1 41. a8Q h1Q 42. Qxh1+ Kxh1 43. Ke4 Kg2 1/2-1/2

[Event "CFriend SL-2003-0-00013 email"]
[Site "Chessfriend.com"]
[Date "2003.10.27"]
[Round "?"]
[White "Bobone Carvalho, Diogo"]
[Black "Bouma, Jan"]
[Result "1/2-1/2"]
[WhiteElo "1266"]
[BlackElo "1526"]
[PlyCount "49"]
[EventDate "2003.10.27"]
[EventType "tourn (corr)"]
[EventRounds "12"]
[SourceTitle "Corr 2008"]
[Source "ChessBase"]
[SourceDate "2008.06.24"]
[SourceVersion "1"]
[SourceVersionDate "2008.06.24"]
[SourceQuality "1"]

1. Nf3 Nf6 2. g3 d5 3. Bg2 c6 4. d3 Nbd7 5. Nbd2 e5 6. e4 Bc5 7. 0-0 0-0 8. Nb3 Bb6 9. exd5 cxd5 10. Re1 Re8 11. a4 e4 12. dxe4 Nxe4 13. Be3 Ndf6 14. Bxb6 Qxb6 15. Nfd4 Bd7 16. a5 Qc7 17. c3 Rad8 18. a6 b6 19. Qc2 Nc5 20. Rxe8+ Rxe8 21. Nd2 Bc8 22. Bf1 h6 23. b4 Nce4 24. b5 Bd7 25. Rc1 1/2-1/2

[Event "CFriend SL-2003-0-00001 email"]
[Site "Chessfriend.com"]
[Date "2003.01.14"]
[Round "?"]
[White "Bobone Carvalho, Diogo"]
[Black "Kluge, Klaus"]
[Result "1/2-1/2"]
[WhiteElo "1227"]
[BlackElo "1359"]
[PlyCount "41"]
[EventDate "2003.01.14"]
[EventType "tourn (corr)"]
[EventRounds "12"]
[SourceTitle "Corr 2008"]
[Source "ChessBase"]
[SourceDate "2008.06.24"]
[SourceVersion "1"]
[SourceVersionDate "2008.06.24"]
[SourceQuality "1"]

1. Nf3 Nf6 2. g3 b5 3. Bg2 Bb7 4. d3 e6 5. 0-0 Be7 6. Nbd2 0-0 7. e4 d6 8. Re1 Nbd7 9. c3 c5 10. Qc2 a5 11. b3 Qc7 12. a4 b4 13. cxb4 axb4 14. Bb2 Rfd8 15. d4 d5 16. e5 Ng4 17. Nf1 Nh6 18. Ne3 Qa5 19. dxc5 Rac8 20. c6 Rxc6 21. Qd2 1/2-1/2

[Event "CFriend SL-2003-0-00001 email"]
[Site "Chessfriend.com"]
[Date "2003.01.14"]
[Round "?"]
[White "Bobone Carvalho, Diogo"]
[Black "Tavani, Alberto"]
[Result "0-1"]
[WhiteElo "1227"]
[BlackElo "1521"]
[PlyCount "62"]
[EventDate "2003.01.14"]
[EventType "tourn (corr)"]
[EventRounds "12"]
[SourceTitle "Corr 2008"]
[Source "ChessBase"]
[SourceDate "2008.06.24"]
[SourceVersion "1"]
[SourceVersionDate "2008.06.24"]
[SourceQuality "1"]

1. Nf3 d5 2. g3 Nf6 3. d3 Nc6 4. Bg2 e5 5. 0-0 Be7 6. Nbd2 0-0 7. e4 d4 8. Nc4 Ng4 9. a4 Be6 10. Bd2 Rb8 11. b3 Qc8 12. Qe2 a6 13. a5 Re8 14. Rac1 b5 15. axb6 cxb6 16. Ng5 Bd7 17. f4 f6 18. Nf3 b5 19. Nb2 Ba3 20. Rb1 Nb4 21. fxe5 fxe5 22. Bxb4 Bxb4 23. Nd1 a5 24. Ng5 a4 25. bxa4 Be7 26. Nf3 bxa4 27. Rxb8 Qxb8 28. Bh3 Rf8 29. Nf2 h5 30. Nd2 a3 31. Rd1 Rxf2 0-1

[Event "CFriend SL-2003-0-00001 email"]
[Site "Chessfriend.com"]
[Date "2003.01.14"]
[Round "?"]
[White "Bobone Carvalho, Diogo"]
[Black "Zrinski, Scott A"]
[Result "1/2-1/2"]
[WhiteElo "1227"]
[BlackElo "1252"]
[PlyCount "67"]
[EventDate "2003.01.14"]
[EventType "tourn (corr)"]
[EventRounds "12"]
[SourceTitle "Corr 2008"]
[Source "ChessBase"]
[SourceDate "2008.06.24"]
[SourceVersion "1"]
[SourceVersionDate "2008.06.24"]
[SourceQuality "1"]

1. Nf3 Nf6 2. g3 d5 3. Bg2 c6 4. 0-0 Bg4 5. d3 Nbd7 6. Nbd2 e6 7. Re1 Qb6 8. a4 a5 9. c3 e5 10. e4 Bd6 11. b3 0-0 12. Bb2 Rfe8 13. Qc2 Rac8 14. Nf1 Bc5 15. Ne3 Bxe3 16. Rxe3 dxe4 17. dxe4 Bxf3 18. Bxf3 Nc5 19. b4 Na6 20. bxa5 Qxa5 21. Ba3 Rcd8 22. Be2 Rd7 23. Rd3 Rxd3 24. Bxd3 Rd8 25. Be7 Rd7 26. Bxf6 gxf6 27. Bxa6 Qxa6 28. Rd1 Rxd1+ 29. Qxd1 Qc4 30. Qg4+ Kf8 31. Qc8+ Kg7 32. Qxb7 Qxa4 33. Qb1 c5 34. Kg2 1/2-1/2

[Event "CFriend SL-2003-0-00001 email"]
[Site "Chessfriend.com"]
[Date "2003.01.14"]
[Round "?"]
[White "Krishnamurthy, Prabhanandan"]
[Black "Bobone Carvalho, Diogo"]
[Result "0-1"]
[WhiteElo "1344"]
[BlackElo "1227"]
[PlyCount "22"]
[EventDate "2003.01.14"]
[EventType "tourn (corr)"]
[EventRounds "12"]
[SourceTitle "Corr 2008"]
[Source "ChessBase"]
[SourceDate "2008.06.24"]
[SourceVersion "1"]
[SourceVersionDate "2008.06.24"]
[SourceQuality "1"]

1. d4 e6 2. c4 d5 3. Nc3 Be7 4. Nf3 Nf6 5. Bg5 Nbd7 6. e3 0-0 7. Rc1 b6 8. cxd5 exd5 9. Bd3 c5 10. 0-0 Re8 11. Bb5 Bb7 0-1

[Event "IECG CP.2002.P.00067 email"]
[Site "IECG email"]
[Date "2002.10.01"]
[Round "?"]
[White "Sprik, Sander"]
[Black "Bobone Carvalho, Diogo"]
[Result "1/2-1/2"]
[WhiteElo "1466"]
[BlackElo "1219"]
[PlyCount "72"]
[EventDate "2002.10.01"]
[EventType "tourn (corr)"]
[EventRounds "6"]
[EventCountry "GER"]
[SourceTitle "Corr 2008"]
[Source "ChessBase"]
[SourceDate "2008.06.24"]
[SourceVersion "1"]
[SourceVersionDate "2008.06.24"]
[SourceQuality "1"]

1. e4 e6 2. d4 d5 3. Nc3 Bb4 4. e5 c5 5. a3 Bxc3+ 6. bxc3 Ne7 7. Qg4 cxd4 8. Qxg7 Rg8 9. Qxh7 Qc7 10. Ne2 Nbc6 11. f4 dxc3 12. Qd3 Bd7 13. Nxc3 a6 14. Rb1 Na5 15. h4 Nf5 16. Rh3 0-0-0 17. h5 Rg4 18. Qf3 Rh4 19. g4 Rxh3 20. Bxh3 d4 21. Ne2 Bc6 22. Qd3 Ba4 23. c4 Nh4 24. Bd2 Bc2 25. Qxc2 d3 26. Qc3 Nf3+ 27. Kf2 Nxd2 28. Qxd2 Nxc4 29. Qb4 a5 30. Qc3 Qc5+ 31. Kg3 dxe2 32. Re1 Rd2 33. Bg2 Ra2 34. Kh2 Rxa3 35. Qc2 Qd4 36. Qe4 Qxe4 1/2-1/2